| 000 | 02935nam a22003377a 4500 | ||
|---|---|---|---|
| 001 | TIC 0031 | ||
| 003 | gtcocun | ||
| 005 | 20250922181515.0 | ||
| 006 | a||||gr|||| 00| 0 | ||
| 007 | ta | ||
| 008 | 250922b2023 gt ||||| m||| 00| 0 eng d | ||
| 040 |
_agtcocun _bSPA _cgtcocun _eRDA |
||
| 041 | _aSPA TIC 0031 | ||
| 084 | _0TIC 0031 | ||
| 100 |
_aMetellus, Verly _eAutor |
||
| 245 |
_aDETERMINACIÓN DE LA EFICIENCIA EN LA REMOCIÓN DE NITRÓGENO EN LOS FILTROS DE PERCOLADORES DE LA PLANTA DE TRATAMIENTO DE AGUAS RESIDUALES ENRIQUETA DEL MUNICIPIO DE VILLA NUEVA, GUATEMALA./ _cVerly Metellus. _hImpreso |
||
| 264 |
_aCobán, Alta Verapaz: _bUniversidad de San Carlos de Guatemala, Centro Universitario del Norte, Ingeniería Civil _c2023 |
||
| 300 |
_a69 p.: _bIlustraciones, gráficas. _c28 cm; |
||
| 300 | _cPDF | ||
| 336 |
_2rdacontenido _aTexto _btxt |
||
| 337 |
_2rdamedio _aComputadora _bn |
||
| 338 |
_2rdasoporte _aCódigo en línea _bcr |
||
| 502 | _eTIC 0031 | ||
| 502 |
_aTesis de grado _bIngeniería Civil, _cUniversidad de San Carlos de Guatemala, Centro Universitario del Norte, Ingeniería Civil _d2023 _oTIC 0031 |
||
| 520 | 1 | 4 | _aEl siguiente estudio tiene como objetivo determinar la eficiencia en la remoción del nitrógeno total (NT) de los Filtros Percoladores de la Planta de Tratamiento de Aguas Residuales Enriqueta de tipo ordinario. Para tal fin, se determinó el caudal promedio de la planta, demanda biológica de oxígeno (DBO5), la demanda química de oxígeno (DQO), la temperatura y el potencial de hidrógeno (pH). Los puntos en los cuales se tomaron las muestras en la planta de tratamiento de aguas residuales Enriqueta son los siguientes: entrada principal, entrada a los filtros, filtros y salida de filtros. Con los resultados encontrados, se obtuvieron las características generales del agua residual y la relación de índice de biodegradabilidad. Además, se determinaron parámetros específicos para nitrógeno, en particular los nitritos y nitratos en cada módulo de filtración nitrógeno total en la entrada y salida del Sistema de Filtros Percoladores. La investigación se realizó entre los meses de septiembre y octubre del 2022, donde se obtuvo un caudal promedio de 2.66 l/s que posee características propias de las de origen domésticos. Los resultados indican que la eficiencia promedio en remoción de DBO5 es de 46.45 % y de DQO es de 33.32 %. En el caso de nitrógeno total es de 15.83 % y se alcanza los valores de remoción a un índice de biodegradabilidad de 0.4625. |
| 650 | 1 | 4 |
_2LEMB _aGuatemala. _xIngeniería _xBiodegradabilidad _xRemoción _xNitratos _xCaudal _xNitrógeno |
| 700 |
_aInga. Civil Sindry Yaneth Pacay Morales _eAsesor |
||
| 856 |
_uhttps://drive.google.com/file/d/1WHC-uAxuwXf7G01RtSeXPaO6dC80azwL/view _yPDF _zUn ejemplar en línea. |
||
| 942 |
_2ddc _cTES _iTIC 0031 _kClasificación _n0 _6TIC_0031_000000000000000 |
||
| 999 |
_c2057 _d2057 |
||